| 000 | 00721nam a2200253 a 4500 | ||
|---|---|---|---|
| 001 | vtls000968664 | ||
| 003 | NLI | ||
| 005 | 20210627095142.0 | ||
| 008 | 120112s1957 enka 000 0 eng | ||
| 039 | 9 |
_y201201121759 _zEntertech_02 |
|
| 040 | 0 |
_aNLI _beng _cEntertech-2011 _eAACR2 |
|
| 041 | 0 | _aeng | |
| 044 | _aenk | ||
| 084 | _a67.A.267 | ||
| 100 | 1 |
_aBlunt, Wilfrid, _d1901-1987 _9909518 |
|
| 245 | 1 | 2 |
_aA Persian spring / _cby Wilfrid Blunt |
| 260 |
_aLondon : _bJanes Barrie Books, _c1957 |
||
| 300 |
_axii, 252 p. : _bill. ; _c22 cm. |
||
| 651 | 0 |
_aIran _xDescription and travel _9686920 |
|
| 887 | _a | ||
| 901 |
_a318395 : _b24.12.1957 |
||
| 902 | _a67.A.267 | ||
| 999 |
_aVIRTUA _c793108 _d793108 |
||
| 942 |
_2ddc _cBKS |
||